|
|
|
|
| LEADER |
00000nab#a22000007a#4500 |
| 001 |
arbauad001019 |
| 003 |
AR-BaUAD |
| 005 |
20250711110421.0 |
| 008 |
930702|||||||||###||||||b###|0###a|spa|| |
| 040 |
|
|
|a AR-BaUAD
|c AR-BaUAD
|b spa
|
| 100 |
|
|
|a Morteo, Enrico
|
| 245 |
|
|
|a La qualita della scrittura /
|c Enrico Morteo;
|
| 300 |
0 |
|
|b il., fot., dib., plantas, vistas, detalles,axonom
|
| 500 |
|
|
|a Evolución histórica de los bolígrafos: Waterman, Shaefer, Parker, Pelikan, Vuitton, Lamy.
|
| 653 |
|
|
|a BOLIGRAFOS
|
| 653 |
|
|
|a ACCESORIOS
|
| 653 |
|
|
|a HISTORIA
|
| 653 |
|
|
|a BELLINI, MARIO
|
| 653 |
|
|
|a HOLLINGTON, GEOFF
|
| 653 |
|
|
|a LOVEGROVE, ROSS
|
| 653 |
|
|
|a DE LUCCHI, MICHELE
|
| 653 |
|
|
|a DISEÑO INDUSTRIAL
|
| 773 |
0 |
|
|t Domus
|g no. 745 [ene. 1993], p. 76-83
|
| 942 |
|
|
|c ARTI
|
| 952 |
|
|
|0 0
|1 0
|4 0
|7 0
|9 45939
|a AR-BAuAD
|b AR-BAuAD
|d 2025-07-11
|l 0
|p AAQA001019
|r 2025-07-11 11:04:21
|w 2025-07-11
|y ARTI
|
| 990 |
|
|
|a DI199
|b TD
|
| 998 |
|
|
|a AAQ
|b BIBUN76
|
| 999 |
|
|
|c 25612
|d 25612
|